Sports Quiz

Random Sports or Basketball Quiz

NBA 2 Teammates, 35 Pts, 1 Game (2000s) Quiz Stats

Quiz Updated May 15, 2014

Challenge
Share
Tweet
Embed
Score 0/40 Timer 04:00
32 Plays Today
% Correct
Kobe Bryant
99.1%
Kobe Bryant
99.1%
Kobe Bryant
99.1%
Kobe Bryant
99.1%
Shaquille O'Neal
95.6%
Shaquille O'Neal
95.6%
Shaquille O'Neal
95.6%
Shaquille O'Neal
95.6%
Steve Nash
90.2%
Carmelo Anthony
87.3%
Lebron James
86.8%
Kevin Durant
85.8%
Mike James
84.8%
Paul Pierce
80.7%
Amare Stoudemire
78.4%
Amare Stoudemire
78.4%
Joe Johnson
71.3%
Gilbert Arenas
63%
Gilbert Arenas
63%
Allen Iverson
55.3%
% Correct
Michael Redd
54.4%
Shawn Marion
53.2%
Shawn Marion
53.2%
Mike Bibby
51.1%
Antawn Jamison
47.7%
Antawn Jamison
47.7%
Stephon Marbury
35.3%
David Lee
30%
Jeff Green
21.1%
Jason Terry
20.1%
Brad Miller
19.7%
Jamal Mashburn
19.1%
Sam Cassell
17.4%
Shareef Abdur-Rahim
17.1%
Larry Hughes
16.1%
Al Harrington
11%
Al Harrington
11%
Morris Peterson
9.4%
David Wesley
9%
Wally Szczerbiak
4.2%

You're not logged in!

Compare scores with friends on all Sporcle quizzes.
Sign Up with Email
OR
Log In

You Might Also Like...

Show Comments

Extras

Top Quizzes Today


Score Distribution

Your Account Isn't Verified!

In order to create a playlist on Sporcle, you need to verify the email address you used during registration. Go to your Sporcle Settings to finish the process.